| 000 | 01651cam a2200445 a 4500 | ||
|---|---|---|---|
| 999 |
_c3995 _d3995 |
||
| 001 | 1728245 | ||
| 003 | ALUPE UNIVERSITY | ||
| 005 | 20220224092448.0 | ||
| 008 | 951122s1995 enk b 000 0 eng u | ||
| 010 | _a 93039528 | ||
| 020 |
_a0192619047 (hb) : _c$60.00 |
||
| 035 | _aocm29361596 | ||
| 040 |
_aDNLM/DLC _beng _cALUPE UNIVERSITY _dDLC _dAEU |
||
| 041 | 1 |
_aeng _hfre |
|
| 050 | 0 | 0 |
_aRG626 _b.M42 1995 |
| 060 | 0 | 0 | _aWQ 09 M488 1994a |
| 082 | 0 | 0 |
_a618.3/2 _220 |
| 090 | 0 |
_aRG 626 M42513 1995 _bAEU |
|
| 130 | 0 |
_aMédecine prénatale. _lEnglish. |
|
| 245 | 1 | 0 |
_aFetal medicine : _bprenatal diagnosis and management / _cedited by Andr[a]e Bou[a]e ; translated by Michel Vekemans and Lola Cartier. |
| 260 |
_aOxford ; _aNew York : _bOxford University Press, _c1995. |
||
| 300 |
_axi, 292 p. : _bill. ; _c24 cm. |
||
| 336 |
_atext _btxt _2rdacontent |
||
| 337 |
_aunmediated _bn _2rdamedia |
||
| 338 |
_avolume _bnc _2rdacarrier |
||
| 490 | 1 |
_aOxford monographs on medical genetics ; _v26 |
|
| 490 | 1 | _aOxford medical publications | |
| 504 | _aIncludes bibliographical references and index. | ||
| 583 | 1 |
_acommitted to retain _c20170930 _d20421231 _fHathiTrust _uhttps://www.hathitrust.org/shared_print_program _5AEU _zHathiTrust Shared Print commitment 2017 |
|
| 650 | 0 |
_aFetus _xDiseases. |
|
| 650 | 0 |
_aFetus _xAbnormalities. |
|
| 650 | 0 | _aPrenatal diagnosis. | |
| 650 | 2 |
_aPrenatal Diagnosis _vmethods. |
|
| 650 | 2 | _aFetal Diseases. | |
| 650 | 2 | _aPregnancy Complications. | |
| 700 | 1 | _aBoué, André. | |
| 830 | 0 |
_aOxford monographs on medical genetics ; _vno. 26. |
|
| 830 | 0 | _aOxford medical publications. | |
| 942 |
_2lcc _cBK _nJO |
||